000
00318nam a2200133Ia 4500
008
240624s9999 xx 000 0 und d
041
_a
eng
082
_a
823 LUD
100
_a
LUDLUM ROBERT
245
_a
MOSCOW VECTOR
260
_c
2005
_a
New Delhi
_b
Orion Books Ltd.
300
_a
535 : p. : cm. ; 17
365
_c
GBP
999
_c
24099
_d
24099